000 00633nam a22001577a 4500
003 NUST
038 _aNusrat Nadeem
082 _a200
100 _aRahim, Imad
_9131886
245 _aCross-Border Equity Ownership, Country-Level Institutional Differences, and Information Disadvantages: Do the Net Benefits of Monitoring Increase with Longer Country-Level Investment Horizons?/
_cImad Rahim,
264 _aIslamabad:
_bNBS NUST.
_c2025.
650 _aPhD- Business Administration
_9123754
700 _aSupervisor: Dr. Rehman Uddin Mian
_9124819
856 _uhttp://10.250.8.41:8080/xmlui/handle/123456789/56222
942 _2ddc
_cSC
999 _c615343
_d615343